Open Data Biblioteca Nacional de Portugal


República Portuguesa: Ministério da Cultura
Biblioteca Nacional de Portugal

Catálogo da BNP: acesso por Identificadores Unívocos
Registos Bibliográficos associados ao registo de autoridade

Etiqueta de registo: 00000nam 2200025 450
001 2239575
003 http://id.bnportugal.gov.pt/bib/catbnp/2239575
100 ## $a20251216d2025 k y0pory01030103ba
101 0# $aeng$dpor
102 ## $aPT
105 ## $aa m 000yy
106 ## $ar
200 1# $aImage Captioning with retrieval augmentation$fRita Moreira Parada Ramos$gsupervisor Bruno Emanuel da Graça Martins, Desmond Elliott
210 #9 $aLisboa$c[s.n.],$d2025
215 ## $aX, 140, [1] p.$cil.$d30 cm
328 #1 $aTese dout. Computer Science and Engineering, Instituto Superior Técnico, Universidade de Lisboa, 2025
675 ## $a004.85(043)$vBN$zpor$31239009
700 #1 $aRamos,$bRita Moreira Parada$31974250
702 #1 $aElliott,$bDesmond$4727$31974251
702 #1 $aMartins,$bBruno Emanuel da Graça,$f1979-$4727$31429250
801 #0 $aPT$bBN$gRPC
966 ## $lBN$mFGMON$sP. 71699 V.$x1
971 ## $corlando$d20251216
972 ## $e0$z0$d20260128$vlrevez
973 ## $cigoulao$d20260112

OpendataBNP@bnportugal.pt | Mais informação sobre acesso aos dados BNP